000 00790nam a2200253Ia 4500
003 OSt
005 20221005024237.0
006 a|||||r|||| 00| 0
007 ta
008 221004b |||||||| |||| 00| 0 eng d
020 _a3 7646 1578 8 (hbk)
_cIndian Rupees 0
024 _a69771
037 _bGift, 29/10/2021,
_cTextual
040 _aCRL
_cCRL
_beng
041 _2eng
_aeng
082 _aV3:1955, L4
100 _aHaraszti Eva H. Au.
_9580335
245 0 _aTreaty breakers or real politiker
_b the anglo German naval agreement of june 1935
260 _aBoppard
_bAm Rhein Harald Boldt Verlag Hungary
_c1974
300 _a276p.
_ccm.
650 _aHISTORY
942 _hV3:1955, L4
_cTEXL
_2cc
999 _c932544
_d932544